Los elementos del delito de giro doloso de cheque y nulidades que pueden afectarlos, recopilación de causales

Uloženo v:
Podrobná bibliografie
Hlavní autor: Barahona Bustos, Víctor (Autor)
Médium: Kniha
Jazyk:španělština
Vydáno: Santiago Jurídica de Chile 1962
Edice:Memoria, 3
Témata:
Tagy: Přidat tag
Žádné tagy, Buďte první, kdo vytvoří štítek k tomuto záznamu!

MARC

LEADER 00000nam a2200000 a 4500
001 UCS0255
003 CL-VaPUC
008 970418e19620000CL |||||||||||||||||spa|d
082 0 4 |a 364.168  |b BAR  |2 21 
100 0 |a Barahona Bustos, Víctor  |e author  |9 383496 
245 1 4 |a Los elementos del delito de giro doloso de cheque y nulidades que pueden afectarlos, recopilación de causales 
300 |a 113 p 
942 |c BK 
945 |d 19970418 00:00:00  |a paguirre 
260 |a Santiago  |b Jurídica de Chile  |c 1962 
650 7 |a DERECHO PENAL  |2 CL-VaPUC  |9 11 
650 0 |a Delitos  |9 224143 
650 7 |a DELITO ECONOMICO  |2 CL-VaPUC  |9 342973 
650 7 |a GIRO DOLOSO DE CHEQUES  |2 CL-VaPUC  |9 383497 
650 0 |a Cheque  |9 257249 
650 7 |a DELITOS SOBRE CHEQUES  |2 CL-VaPUC  |9 377305 
583 |a last modification  |c 19970418 00:00:00  |k Rodrigo Vera 
490 0 |a Memoria, 3 
999 |c 258494  |d 258492 
952 |0 0  |1 0  |4 0  |6 364_168000000000000_BAR_1962  |7 0  |8 A  |9 282650  |a BIBDER  |b BIBDER  |d 2019-11-19  |i 1832859  |o 364.168 BAR 1962  |p 1832859  |r 2023-01-25  |w 2019-11-19  |y BK  |k DER